Работа с информацией на магнитной полосе пластиковых карт и на чипе смарт-карт; Молодежь и современные информационные технологии

Detalles Bibliográficos
Parent link:Молодежь и современные информационные технологии.— 2006.— С. 235-236
Autor Principal: Чеботарёв С. О.
Idioma:ruso
Publicado: 2006
Subjects:
Formato: MixedMaterials Capítulo de libro
KOHA link:https://koha.lib.tpu.ru/cgi-bin/koha/opac-detail.pl?biblionumber=108782

MARC

LEADER 00000naa2a2200000 4500
001 108782
005 20231031115822.0
035 |a (RuTPU)RU\TPU\book\117433 
090 |a 108782 
100 |a 20070125d2006 k y0rusy50 ca 
101 0 |a rus 
102 |a RU 
200 1 |a Работа с информацией на магнитной полосе пластиковых карт и на чипе смарт-карт  |f С. О. Чеботарёв 
463 0 |0 (RuTPU)RU\TPU\book\108762  |t Молодежь и современные информационные технологии  |o сборник трудов IV Всероссийской научно-практической конференции студентов, аспирантов и молодых ученых, г. Томск, 28 февраля - 2 марта 2006 г.  |f Томский политехнический университет; Молодежь и современные информационные технологии  |v С. 235-236  |d 2006  |p 418 с. 
610 1 |a пластиковые карты 
610 1 |a смарт-карты 
610 1 |a магнитные полосы 
610 1 |a информация 
610 1 |a карты пластиковые 
610 1 |a труды учёных ТПУ 
700 1 |a Чеботарёв  |b С. О. 
801 1 |a RU  |b 63413507  |c 20070125  |g PSBO 
942 |c BK